Digitalizáció a számvitelben – veszély vagy lehetőség?
| Szerző: | |
|---|---|
| További közreműködők: | |
| Dokumentumtípus: | TDK dolgozat |
| Kulcsszavak: | digitalizáció fejlődési lehetőségek jövőképe számvitel veszélyelemzés |
| Online Access: | http://dolgozattar.uni-bge.hu/60414 |
MARC
| LEADER | 00000nta a2200000 i 4500 | ||
|---|---|---|---|
| 001 | dolg60414 | ||
| 005 | 20260416073643.0 | ||
| 008 | 260416suuuu hu o 000 hun d | ||
| 040 | |a BGE Dolgozattár Repozitórium |b hun | ||
| 041 | |a hu | ||
| 100 | 1 | |a Nagy Anett | |
| 245 | 1 | 0 | |a Digitalizáció a számvitelben – veszély vagy lehetőség? |c Nagy Anett |h [elektronikus dokumentum] |
| 516 | |a Students_Scientific_Association_paper | ||
| 520 | 3 | |a A kutatást (a címben is megjelenő) két fő kérdés köré építem: 1. Milyen digitális számviteli lehetőségek állnak rendelkezésre 2025-ben a szakemberek és a vállalkozások számára? 2. Milyen veszélyeket rejt a digitális megoldások használata? Hogyan kerülhetjük el ezeket a veszélyeket? A kutatás során kvalitatív és kvantitaív módszereket egyaránt alkalmazok. A szakirodalmi áttekintést követően kérdőív és interjúk segítségével szeretném megismerni azon szakemberek véleményét, akik mindennapi munkájuk során használják a digitális megoldásokat. Az elmúlt évtizedekben a globalizáció térnyerésével párhuzamosan intenzív átalakulás kezdődött meg, melynek meghatározó részét jelentette a digitalizáció széleskörű megjelenése mind a gazdasági, mind pedig a társadalmi folyamatokban. A kutatás célja, hogy megvizsgáljam, hogy milyen új digitális megoldások állnak a számvitellel foglalkozó szakemberek és a vállalkozások rendelkezésére, melyek megkönnyítik a mindennapi folyamatokat. A dolgozatban másrészről arra keresem a választ, hogyan látják a szakemberek milyen veszélyeket rejtenek ezek a megoldások, és hogyan küszöbölhetőek ki ezek a veszélyek (megfelelő szabályozási környezet, tudatos használat, megfelelő háttérismeret). Továbbá megvizsgálom a szakemberek hogy látják a vállalkozások felkészültségét, és a számukra felmerülő veszélyeket és lehetőségeket. A vizsgálat alapján az látható, hogy a szakemberek számára ezekben a kérdésekben differenciált az álláspont. A szakmai tapasztalat, az életkor és a tevékenységi kör régiója egyaránt befolyásoló tényező lehet. A vállalkozások tekintetében úgy vélik, hogy sok tényező (vállalkozás mérete, pénzügyi helyzet, regionális elhelyezkedés, tevékenységi kör) befolyásolhatja a digitalizáció mértékét, és a digitális megoldások által kihasznált lehetőségeket és esetleges veszélyeket. Azonban az interjúban megkérdezett szakemberek egyetértettek abban, hogy a globalizáció által előidézett digitális átalakulás a szakmától és a vállalkozóktól is folyamatos tanulást és fejlődést kíván. | |
| 695 | |a digitalizáció | ||
| 695 | |a fejlődési lehetőségek | ||
| 695 | |a jövőképe | ||
| 695 | |a számvitel | ||
| 695 | |a veszélyelemzés | ||
| 700 | 1 | |a Török Dr. Martina Zsófia |e ths | |
| 856 | 4 | 0 | |u http://dolgozattar.uni-bge.hu/60414/1/Nagy%20Anett_Q0G88A_Digitaliz%C3%A1ci%C3%B3%20a%20sz%C3%A1mvitelben_TDK%20dolgozat.pdf |z Dokumentum-elérés |
| 856 | 4 | 0 | |u http://dolgozattar.uni-bge.hu/60414/2/Nagy%20Anett_Q0G88A_resume_Digitaliz%C3%A1ci%C3%B3%20a%20sz%C3%A1mvitelben_TDK2025.pdf |z Dokumentum-elérés |
| 856 | 4 | 0 | |u http://dolgozattar.uni-bge.hu/60414/3/Nagy%20Anett_Q0G88A_resume_Digitaliz%C3%A1ci%C3%B3a%20a%20sz%C3%A1mvitelben_TDK2025.docx |z Dokumentum-elérés |
| 856 | 4 | 0 | |u http://dolgozattar.uni-bge.hu/60414/4/Dolgozat_biralati%20lap_2025_Nagy%20Anett.pdf |z Dokumentum-elérés |
| 856 | 4 | 0 | |u http://dolgozattar.uni-bge.hu/60414/5/nagy_anett_biralat_KB.pdf |z Dokumentum-elérés |